Význam statistiky životního prostředí pro ekonomii.

Charakteristické rysy ekologických informácií. Pojem štatistika životného prostredia. Štatistika kvality životného prostredia. Metodologické postupy pre vyhodnotenie časových radov popisujúcich javy životného prostredia. Možnosti aplikácie týchto metód v ČSFR.

Saved in:
Bibliographic Details
Main Author: Přibilová, L.
Format: Book Chapter
Language:Czech
Subjects:
Tags: Add Tag
No Tags, Be the first to tag this record!

MARC

LEADER 00000naa a2200000 4500
001 r003255
005 20230113115917.4
041 0 |a cze 
044 |a [CS] 
245 1 0 |a Význam statistiky životního prostředí pro ekonomii.  |c L. Přibilová 
520 |a Charakteristické rysy ekologických informácií. Pojem štatistika životného prostredia. Štatistika kvality životného prostredia. Metodologické postupy pre vyhodnotenie časových radov popisujúcich javy životného prostredia. Možnosti aplikácie týchto metód v ČSFR. 
610 2 0 |a prostredie životné 
610 2 0 |a štatistika 
610 2 0 |a rady časové 
610 2 0 |a čistota ovzdušia 
610 2 0 |a kvalita ovzdušia 
610 2 0 |a metódy štatistické 
610 2 0 |a znečistenie ovzdušia 
610 2 0 |a ČSFR 
100 1 |a Přibilová, L.